000 01586nam1a2200361 i 4500
001 RU\NLR\bibl\259591
005 20260408161218.0
035 _a(NLR Aleph) 000255267
090 _a1490208
_c1490208
100 _a20020506g20019999k y0rusy50 ca
101 0 _arus
102 _aRU
105 _a||||z |||||
200 1 _aРоссия между Западом и Востоком
_eСб. науч. и метод. работ
_fОм. обл. ин-т повышения квалификации работников образования
_g[Редкол.:...В.В. Мезенцева, к.и.н., преп., отв. ред. и др. ]
210 _aОмск
_cООИПКРО
_d2001
215 _d20
463 0 _1001257026
463 0 _1001523794
463 0 _1001967550
606 _aПедагогика
_jСборники
_9921924
_3RU\NLR\auth\6619222
606 _a"Восток-Запад", проблема
_jСборники
_91382055
_3RU\NLR\auth\66266525
607 _aСССР
_jСборники
_xИстория
_9912491
_3RU\NLR\auth\6613829
607 _aРоссия
_jСборники
_xИстория
_91554184
_3RU\NLR\auth\66979780
686 _aЧ30я43
686 _aТ3(2)я43
702 1 _aМезенцева
_bВ. В.
_4340
711 0 2 _aОмский областной институт повышения квалификации работников образования
_9284028
_3RU\NLR\AUTH\886137
801 0 _aRU
_bNLR
_c20020506
_gPSBO
801 1 _aRU
_bNLR
_c20020506
852 _aNLR
_j2002-3/9847
942 _cBOOK